Countries With The Most Fortune 500 Companies - Statistics

General Stats
  • This quiz has been taken 90 times
  • The average score is 8 of 9
Answer Stats
Number Of Companies Country % Correct
109 China
100%
29 Germany
100%
21 United Kingdom
100%
133 United States
100%
29 France
99%
51 Japan
98%
15 South Korea
90%
15 Netherlands
74%
13 Switzerland
65%
No matching quizzes found
Score Distribution
Percent of People with Each Score
Percentile by Number Answered
Your Score History
You have not taken this quiz